<?xml version="1.0" encoding="UTF-8"?>
<collection xmlns="http://www.loc.gov/MARC21/slim">
 <record>
  <leader>00518cam a2200169 7i4500</leader>
  <controlfield tag="001">0000060047</controlfield>
  <controlfield tag="005">20081006090000.0</controlfield>
  <controlfield tag="008">071107s2006</controlfield>
  <datafield tag="020" ind1="#" ind2="#">
   <subfield code="a">9781405487986 </subfield>
  </datafield>
  <datafield tag="090" ind1="0" ind2="0">
   <subfield code="a">QL 544.2 </subfield>
   <subfield code="b">.B3 2006</subfield>
  </datafield>
  <datafield tag="100" ind1="1" ind2="#">
   <subfield code="a">Balmer, Elizabeth </subfield>
  </datafield>
  <datafield tag="245" ind1="1" ind2="2">
   <subfield code="a">A consice guide to butterflies and moths  </subfield>
   <subfield code="c">Elizabeth Balmer.</subfield>
  </datafield>
  <datafield tag="260" ind1="#" ind2="#">
   <subfield code="a">Parragon Books, </subfield>
   <subfield code="c">2006.</subfield>
  </datafield>
  <datafield tag="300" ind1="#" ind2="#">
   <subfield code="a">255 p.: </subfield>
   <subfield code="b">ill.; </subfield>
   <subfield code="c">19 cm..</subfield>
  </datafield>
  <datafield tag="650" ind1="0" ind2="0">
   <subfield code="a">Butterflies -- </subfield>
   <subfield code="x">Identification </subfield>
  </datafield>
  <datafield tag="650" ind1="0" ind2="0">
   <subfield code="a">Moths -- </subfield>
   <subfield code="x">Identification </subfield>
  </datafield>
  <datafield tag="999" ind1=" " ind2=" ">
   <subfield code="a">1100056781</subfield>
   <subfield code="b">Book</subfield>
   <subfield code="c">Open Shelf</subfield>
   <subfield code="e">KOLEKSI TERBUKA</subfield>
  </datafield>
 </record>
</collection>
